<?xml version="1.0" encoding="UTF-8"?>
<marc:record xmlns:marc="http://www.loc.gov/MARC21/slim">
   <marc:leader>00000nam a2200000 a 4500</marc:leader>
   <marc:datafield ind1="1" ind2=" " tag="100">
      <marc:subfield code="a">Kiel, Anja</marc:subfield>
      <marc:subfield code="4">aut</marc:subfield>
      <marc:subfield code="e">Verfasser/-in</marc:subfield>
   </marc:datafield>
   <marc:datafield ind1=" " ind2=" " tag="653">
      <marc:subfield code="a">Pappbilderbücher mit und ohne Zusatzteile, Fühlbilderbücher</marc:subfield>
   </marc:datafield>
   <marc:datafield ind1="0" ind2="0" tag="245">
      <marc:subfield code="a">Im Stall brennt Licht, wer schläft noch nicht?</marc:subfield>
   </marc:datafield>
   <marc:datafield ind1="0" ind2="0" tag="245">
      <marc:subfield code="b">Mit Verwandlungsseiten - ideal als Einschlafhilfe für Kinder ab 2 Jahren</marc:subfield>
   </marc:datafield>
   <marc:datafield ind1=" " ind2="1" tag="264">
      <marc:subfield code="b">Esslinger in der Thienemann-Esslinger Verlag GmbH</marc:subfield>
      <marc:subfield code="c">2026</marc:subfield>
   </marc:datafield>
   <marc:datafield ind1="1" ind2=" " tag="520">
      <marc:subfield code="a">Licht an, Licht aus - wer hilft heute beim Einschlafen?

    Liebevoll gereimte Einschlafgeschichte rund um die Tiere auf dem Bauernhof
    Mit robusten Seiten und stabilen Schiebern
    Mit „Hell-Dunkel-Effekt" ganz ohne Batterien und LED-Lämpchen – Mitmachspaß garantiert!

Wenn auf dem Bauernhof langsam die Sonne untergeht, wird es Zeit zum Schlafen – doch eine kleine Maus ist noch hellwach! Sie turnt, hat Durst oder muss noch schnell aufs Klo. Seite für Seite können Kinder mit den Schiebe-Elementen das Licht an- und ausmachen und den Tieren beim Einschlafen helfen. Die lustigen Reime und die stimmungsvollen Illustrationen machen dieses Mitmachbuch zu einer wertvollen Einschlafhilfe und zu einem Lieblingsbuch für die abendlichen Einschlaf-Rituale.</marc:subfield>
   </marc:datafield>
   <marc:datafield ind1=" " ind2=" " tag="020">
      <marc:subfield code="a">9783480241262</marc:subfield>
      <marc:subfield code="9">9783480241262</marc:subfield>
   </marc:datafield>
</marc:record>
